Oceanography and marine biology : an annual review. Volume 50 /

One of the most cited sources in marine science, this Golden Anniversary Edition provides an authoritative review, summarizing the results of current research in oceanography and marine biology. This essential reference for research workers and students in all fields of marine science covers basic a...

Full description

Bibliographic Details
Corporate Author: Taylor & Francis
Other Authors: Gibson, Robin N. (Editor)
Format: eBook
Language:English
Published: Boca Raton, FL : CRC Press, [2012]
Series:Oceanography and marine biology ; 50
Subjects:
Online Access:Connect to the full text of this electronic book

MARC

Tag First Indicator Second Indicator Subfields
LEADER 00000cam a2200000 i 4500
001 in00005519721
006 m o d
007 cr cnu---unuuu
008 120611s2012 flua ob 000 0 eng d
005 20241108165535.0
035 |a (OCoLC)ocn795120441 
040 |a EBLCP  |b eng  |e rda  |e pn  |c EBLCP  |d OCLCQ  |d N$T  |d UIU  |d E7B  |d YDXCP  |d OCLCQ  |d DEBSZ  |d OCLCQ  |d OCLCF  |d OCLCQ  |d VGM  |d CEF  |d NLE  |d AU@  |d UKMGB  |d YDX  |d YDXIT  |d UKAHL  |d OCLCQ  |d EQF  |d UIU  |d OCLCQ  |d OCLCO  |d SFB  |d OCLCO  |d OCLCQ  |d WAU  |d OCLCQ  |d OCLCO  |d OCLCL 
015 |a GBB7A5154  |2 bnb 
016 7 |a 018380585  |2 Uk 
019 |a 958573730  |a 1058138797  |a 1162733112 
020 |a 9781439890004  |q (electronic book) 
020 |a 1439890005  |q (electronic book) 
020 |a 9780429109386  |q (electronic book) 
020 |a 0429109385  |q (electronic book) 
020 |z 9781439889985 
020 |z 1439889988 
035 |a (OCoLC)795120441  |z (OCoLC)958573730  |z (OCoLC)1058138797  |z (OCoLC)1162733112 
037 |a TANDF_249706  |b Ingram Content Group 
050 4 |a GC11.2  |b .O23 2012 
072 7 |a NAT  |x 020000  |2 bisacsh 
072 7 |a SCI  |x 039000  |2 bisacsh 
082 0 4 |a 551.46  |2 23 
082 0 4 |a 578.77 
049 |a TXAM 
245 0 0 |a Oceanography and marine biology :  |b an annual review.  |n Volume 50 /  |c edited by R.N. Gibson [and others]. 
264 1 |a Boca Raton, FL :  |b CRC Press,  |c [2012] 
300 |a 1 online resource (vii, 314 pages) :  |b illustrations (some color) 
336 |a text  |b txt  |2 rdacontent 
337 |a computer  |b c  |2 rdamedia 
338 |a online resource  |b cr  |2 rdacarrier 
490 0 |a Oceanography and marine biology ;  |v 50 
520 |a One of the most cited sources in marine science, this Golden Anniversary Edition provides an authoritative review, summarizing the results of current research in oceanography and marine biology. This essential reference for research workers and students in all fields of marine science covers basic areas of marine research as well as subjects of special and topical importance. Written by acknowledged experts in their fields, this volume presents excellent coverage and quality in the papers presented. 
505 0 |a Front Cover; Contents; Preface; Iron bioavailability in the Southern Ocean; Anthropogenic nutrient enrichment and blooms of harmful phytoplankton; Benthic invertebrates in a high-CO₂ world; Changing coasts: Marine aliens and artificial structures; Challenges to the assessment of benthic populations and biodiversity as a result of rhythmic behaviour: Video solutions from cabled observatories; Measuring the performance of spatial management in marine protected areas; Back Cover. 
504 |a Includes bibliographical references. 
588 0 |a Online resource; title from digital title page (viewed on April 22, 2019). 
650 0 |a Marine biology  |x Research. 
650 0 |a Marine biology. 
650 0 |a Oceanography  |x Research. 
650 0 |a Oceanography. 
650 6 |a Biologie marine  |x Recherche. 
650 6 |a Biologie marine. 
650 6 |a Océanographie  |x Recherche. 
650 6 |a Océanographie. 
650 7 |a marine biology.  |2 aat 
650 7 |a oceanography.  |2 aat 
650 7 |a NATURE  |x Animals  |x Marine Life.  |2 bisacsh 
650 7 |a SCIENCE  |x Life Sciences  |x Marine Biology.  |2 bisacsh 
650 7 |a Marine biology  |2 fast 
650 7 |a Marine biology  |x Research  |2 fast 
650 7 |a Oceanography  |2 fast 
650 7 |a Oceanography  |x Research  |2 fast 
655 7 |a Electronic books.  |2 local 
700 1 |a Gibson, Robin N.,  |e editor. 
710 2 |a Taylor & Francis. 
758 |i has work:  |a Volume 50 Oceanography and marine biology (Text)  |1 https://id.oclc.org/worldcat/entity/E39PCGpWYmX4KyYfjM4CbHtGBP  |4 https://id.oclc.org/worldcat/ontology/hasWork 
776 0 8 |i Print version:  |a Gibson, R.N.  |t Oceanography and Marine Biology : An Annual Review, Volume 50.  |d Hoboken : CRC Press, ©2012  |z 9781439889985 
856 4 0 |u http://proxy.library.tamu.edu/login?url=https://www.taylorfrancis.com/books/9780429109386  |z Connect to the full text of this electronic book  |t 0 
955 |a Taylor and Francis ENGnetBASE 
994 |a 92  |b TXA 
999 f f |s 976a4dfc-d32a-4a6b-a430-1106b78dc6ef  |i 8ca76035-96f2-4b52-9e1c-9cbce7edb7b1  |t 0 
952 f f |a Texas A&M University  |b College Station  |c Electronic Resources  |d Available Online  |t 0  |e GC11.2 .O23 2012  |h Library of Congress classification 
998 f f |a GC11.2 .O23 2012  |t 0  |l Available Online